| 000 | 00642nam a2200217Ii 4500 | ||
|---|---|---|---|
| 001 | 19035 | ||
| 003 | CO-ViMGA | ||
| 008 | 241108s9999||||xx |||||||||||||| ||und|| | ||
| 020 | _a9588156890 (obra completa) | ||
| 040 |
_aCO-ViMGA _bspa _erda _cCO-ViMGA |
||
| 041 | 0 | _aspa | |
| 082 | 0 | 4 | _aR 923.1861 L42a |
| 100 | 1 |
_aOtto Morales Benítez _930150 |
|
| 245 | 1 | 0 |
_aAlberto Lleras : _bantología |
| 264 | 1 | _aBogotá, Colombia : Villegas Editores, 2006 | |
| 300 | _avolumen | ||
| 336 |
_atext _btxt _2rdacontent |
||
| 337 |
_aunmediated _bn _2rdamedia |
||
| 338 |
_avolume _bnc _2rdacarrier |
||
| 940 | _aidficha_siabuc: 18692. -- ficha_no_siabuc:19035 | ||
| 999 |
_c45748 _d45748 |
||